Quang học và vật lí học nguyên tử Dùng cho các trường THCN

Guardat en:
Dades bibliogràfiques
Format: Llibre
Idioma:Undetermined
Publicat: Hà Nội ĐH và THCN 1970
Matèries:
Etiquetes: Afegir etiqueta
Sense etiquetes, Sigues el primer a etiquetar aquest registre!
Thư viện lưu trữ: Trung tâm Học liệu Trường Đại học Cần Thơ
LEADER 00494nam a2200169Ia 4500
001 CTU_2304
008 210402s9999 xx 000 0 und d
082 |a 535.2 
082 |b Qu106 
245 0 |a Quang học và vật lí học nguyên tử 
245 0 |b Dùng cho các trường THCN 
260 |a Hà Nội 
260 |b ĐH và THCN 
260 |c 1970 
650 |a nuclear physics,optics 
904 |i Minh, 960823 
980 |a Trung tâm Học liệu Trường Đại học Cần Thơ